MDQL
is popping MORE tags! Check the
thread
!
Quizzes
Events
Quiz Creation
Community
Videos
Private Events
Remove Ads
Sign In
Join for FREE
Feedback
Dark Mode
Quiz Categories
Sports
Geography
Music
Movies
Television
Just For Fun
Miscellaneous
History
Literature
Language
Science
Gaming
Entertainment
Religion
Holiday
For Kids
Quiz Lab
Recent
Popular Today
Quiz Kudos Today
Editor Picks
Curator Picks
Quizzes by...
Day
Popularity
Type
Ratings
Length
Year
Community
Subscriptions
Recent Discussions
Orange Saloon
Badges
Playlists
Quests
Create
Leaderboards
Showdown
Live 5
Trivia Bingo
Activity
Puzzle Library
Sporcle Events
Private Events
Virtual Trivia
Globe League
Become a Host
Pub Owners
SporcleCon
Opinionation
Our Games
Videos
Blog
Mobile Apps
Partnerships
Remove Ads and Go Orange
Feedback
Sports
Athletes
MLB
NBA
NHL
NFL
Soccer
Sports Teams
WWE
NCAA
Football
Premier League
Basketball
Baseball
Hockey
Golf
Tennis
Cricket
Rugby
Auto Racing
Olympics
World Cup
Sports
Athletes
MLB
NBA
NHL
NFL
Soccer
Sports Teams
WWE
NCAA
Football
Premier League
Basketball
Baseball
Hockey
Golf
Tennis
Cricket
Rugby
Auto Racing
Olympics
World Cup
Random Quiz
Search Sporcle
×
Quiz Lab
Quiz Lab
Sports
Premier League
Type in answers that appear in a list
Type in answers that appear in a list
Classic
Best Score? Go Orange.
Every Newcastle United Premier League Goalscorer Stats
Can you name the Newcastle United Premier League Goalscorers?
By
SallyJarvis1990
10m
125 Questions
6,368 Plays
6,368 Plays
6,368 Plays
Comments
Comments
Give Quiz Kudos
Give Quiz Kudos
-
- Ratings
hide this ad
Replay
Link that replays current quiz
Next Quiz
Link to next quiz in quiz playlist
You Got
0%
They Got
Avg Score
52%
Avg Friend Score
Upgrade to see
Score Distribution
Jump to the score distribution portion of the page
Score
0/125
Timer
10:00
0
Plays Today
Goals
Name
% Correct
148
Alan Shearer
98.3%
29
Demba Ba
95.6%
37
Papiss Cisse
93.9%
37
Nolberto Solano
90.7%
43
Andy Cole
87.8%
29
Gary Speed
86.5%
43
Shola Ameobi
86.5%
2
Sammy Ameobi
85.6%
41
Les Ferdinand
85.4%
13
Ayoze Perez
83.2%
27
Craig Bellamy
82.8%
28
Obafemi Martins
82.6%
47
Peter Beardsley
82.4%
26
Michael Owen
82.1%
16
Yohan Cabaye
80.1%
1
Stephen Carr
80%
34
Rob Lee
79.2%
22
Laurent Robert
78.3%
6
Joey Barton
78.2%
4
Warren Barton
78%
4
Fabricio Coloccini
78%
9
Faustino Asprilla
77.1%
12
Steven Taylor
76.9%
2
Ryan Taylor
76.8%
14
Andy Carroll
76.2%
7
Mark Viduka
73.5%
23
Kieron Dyer
73.4%
9
Aleksandar Mitrovic
72.9%
6
David Ginola
72.6%
8
Philippe Albert
72.4%
1
Cheick Tiote
72.3%
12
Kevin Nolan
70.9%
7
Jonas Gutierrez
70.5%
11
Moussa Sissoko
69.5%
10
Nikos Dabizas
68.9%
5
Emre Belozoglu
68.3%
12
Hatem Ben Arfa
66.2%
8
Duncan Ferguson
64.4%
8
Temuri Ketsbaia
63.1%
4
Aaron Hughes
62.9%
11
Keith Gillespie
62.2%
11
Giorgio Wijnaldum
61.5%
Goals
Name
% Correct
5
Lomano Tresor LuaLua
60.9%
4
Damien Duff
60.1%
9
Jermaine Jenas
59.3%
3
Jon Dahl Tomasson
58.6%
11
Yoan Gouffran
58.3%
6
Patrick Kluivert
57.9%
12
Ruel Fox
57.6%
2
Hugo Viana
56.2%
6
Andy O'Brien
56.1%
9
Peter Lovenkrands
56%
1
Davide Santon
55.3%
2
Darren Peacock
54.8%
14
Loic Remy
54.8%
5
Nicky Butt
54.7%
4
Dietmar Hamann
54.5%
6
Clarence Acuna
54.3%
6
Lee Bowyer
54.2%
1
Geremi
52.6%
8
Lee Clark
52.3%
3
David Batty
51.7%
1
Xisco
50.6%
10
Leon Best
50.6%
1
Mike Williamson
50.4%
2
Paul Dummett
50%
3
Daryl Janmaat
50.1%
2
John Beresford
50%
3
Titus Bramble
49.2%
6
Olivier Bernard
48.9%
11
Steve Watson
48.7%
6
James Milner
48.7%
2
Vurnon Anita
48%
1
Albert Luque
47.7%
6
John Barnes
47.5%
1
Mathieu Debuchy
47.5%
2
David Edgar
47.1%
1
Siem De Jong
45.6%
7
Carl Cort
45.6%
3
Steve Howey
45.2%
4
Scott Parker
45.1%
4
Andreas Andersson
45%
1
Abdoulaye Faye
44.6%
11
Robbie Elliott
43.1%
Goals
Name
% Correct
2
Gabriel Obertan
42.8%
1
Habib Beye
41.8%
1
Claudio Cacapa
41.8%
9
Charles N'Zogbia
41.7%
5
Jack Colback
41.3%
4
Kevin Gallacher
40.7%
3
Didier Domi
39.5%
1
Christian Bassedas
39.3%
1
Gael Bigirimana
39.2%
7
Stephen Glass
38.6%
1
Alessandro Pistone
38.6%
1
Stephane Guivarc'h
38.2%
1
Remy Cabella
37.3%
2
Jamaal Lascelles
36.2%
2
Andy Griffin
36%
4
Andros Townsend
35.9%
1
Louis Saha
35.9%
10
Paul Kitson
35.3%
2
Daniel Cordone
34.9%
1
Alain Goma
34.8%
1
Michael Chopra
34.6%
1
Diego Gavilan
34.4%
1
Marc Hottiger
34.3%
1
Barry Venison
33.8%
3
Danny Guthrie
33.3%
3
Antoine Sibierski
32.6%
5
Malcolm Allen
32.5%
1
Sylvain Marveaux
30.6%
2
Rolando Aarons
30.1%
4
Scott Sellars
30.1%
1
Paul Huntington
29.2%
1
Steven Caldwell
28.7%
1
James Perch
27.4%
5
Darren Ambrose
27.1%
1
Helder
26.8%
1
Emmanuel Riviere
26.6%
4
Alex Mathie
26%
1
Laurent Charvet
25.5%
1
Paul Dalglish
23.3%
1
Paul Bracewell
22.3%
1
Dan Gosling
22.1%
Quiz Playlist
Details
Report
Send in Message
Add To Playlist
Classic:
Type in answers that appear in a list
Quiz Source
Last Updated: Feb 22, 2018
Quiz Scoreboard
CHALLENGE
Sign Up to Join the Scoreboard
Show All
Scores
Hide
Comments
May contain spoilers
Recently Published
5x2 Blitz: Bands
by SL_Kpop136
Music
30s
Colored Red Africa Blitz
by spor1
Geography
30s
Find the 'City' Movie
by crazypaving
Movies
60s
More to Explore
Quiz From the Vault
Featured Blog Post
14 Easter Pick-up Lines to Find Eggs With
hide this ad
You Might Also Like...
Tags
Premier League Quiz
English Soccer
Newcastle United
Today's Top Quizzes in Sports
Browse Sports
hide this ad
Today's Top Quizzes in Premier League
Browse Premier League
Top Contributed Quizzes in Sports
1
Players with Multiple 50 Home Run Seasons
2
Les entraîneurs de l'OM et du PSG au 21e siècle
3
Criteria MLB: Left Handed Sluggers
4
2022 World Cup Stars
5
Les meilleurs buteurs des matchs entre le PSG et l’OM
6
Who Hit More Homers?
7
Les joueurs passés par le PSG et l'OM
8
NBA Logic Puzzle 2.0
9
Top 10 NHL Goal Scorers of All Time
10
MLB Players with Two .350 Batting Average Seasons
Explore More
Trending Topics
Marvel
Anime
Disney
Kpop
Crossword
NBA
Harry Potter
Song
WWE
The Office
Pokémon
Soccer
Country
Puzzle
NFL
hide this ad
More By:
SallyJarvis1990
Quiz
Plays
Rating
Category
Featured
Created
Most Premier League Goals in a Calendar Year
101,180
4.70
Sports
Dec 30, 2012
Premier League Clubs' Top English Goalscorer
13,319
4.95
Sports
Oct 5, 2014
2014-2015 European League Teams
10,291
4.44
Sports
Jul 23, 2014
The Premier League Years
8,058
4.38
Sports
Aug 29, 2013
Every Premier League Hat-Trick Scorer
7,736
4.70
Sports
May 14, 2013
Go to Creator's Profile
Score Distribution
Quiz Creator Spotlight
SallyJarvis1990
Follow
Send a Message
Quizzes Created
-
Created Quiz Play Count
-
More By This Creator
Popular Quizzes Today
1
Colored Red Africa Blitz
2
Find the 'City' Movie
3
Find the US States - No Outlines Minefield
4
5x2 Blitz: Bands
5
The Countries of the World
6
Find the US States
7
US States
8
9x9 Crossword: Cartoon Network
More Sports Quizzes
American League MVP Winners: 2000 - Present
Quiz Lab
Trending Quizzes
Colored Red Europe Blitz I
Colored Red Europe Blitz II
Colored Red Africa Blitz II
Colored Red Europe Blitz III
Colored Red Africa Blitz III
Recently Updated
How Do You Spell That?
pecheneg
Godzilla Movies
pecheneg
Grab Bag: 4-10 Letters
pecheneg
2024 March Madness Bracket
pecheneg
Famous TV Couples
Peacemaker
Champions League XIs: Real Madrid
pecheneg
Largest US Cities 1790-2010
pecheneg
Rides in Walt Disney World
pecheneg
Most Oscar Losses (Acting)
pecheneg
Beyoncé Albums
pecheneg
Trending Topics
Harry Potter
Anime
Crossword
Marvel
NBA
Disney
Kpop
Soccer
WWE
Song
Puzzle
Pokémon
NFL
Country
The Office
Your Account Isn't Verified!
In order to create a playlist on Sporcle, you need to verify the email address you used during registration. Go to your
Sporcle Settings
to finish the process.
Report this User
Report this user for behavior that violates our
Community Guidelines
.
Details:
Send Report
Go to the Sporcle.com Mobile Site →
Comments